Πολυπολιτισμικότητα και θρησκευτική ελευθερία

Αποθηκεύτηκε σε:
Λεπτομέρειες βιβλιογραφικής εγγραφής
Κύριος συγγραφέας: Πέτρου, Ιωάννης Σ.
Μορφή: Βιβλίο
Γλώσσα:Greek
Δημοσίευση: Θεσσαλονίκη : Βάνιας, 2005
Έκδοση:2η έκδ. επαυξ.,βελτ.
Θέματα:
Ετικέτες: Προσθήκη ετικέτας
Δεν υπάρχουν, Καταχωρήστε ετικέτα πρώτοι!

MARC

LEADER 00000cam a2200000 i 4500
001 1/30463
008 130529s2005 gre d
020 |a 960-288-130-5 
035 |l 10114564 
040 |a GR-MY-UA  |b gre  |e aacr 
041 0 |a gre 
082 0 |a 306.6  |2 (22) 
100 0 |a Πέτρου, Ιωάννης Σ. 
245 1 0 |a Πολυπολιτισμικότητα και θρησκευτική ελευθερία /  |c Ιωάννης Σ. Πέτρου 
250 |a 2η έκδ. επαυξ.,βελτ. 
260 |a Θεσσαλονίκη :   |b Βάνιας,   |c 2005 
300 |a 286 σ.;  |c 21 εκ. 
504 |a Περιλαμβάνει βιβλιογραφία 
650 0 0 |a Multiculturalism. 
650 0 0 |a Freedom of religion. 
650 0 0 |a Religion and culture. 
852 |a INST  |b RHODES  |c EUDOXUS  |e 20130529  |h 306.6 ΠΕΤ  |p 005400035286  |q 005400035286  |t EDX  |y 0 
901 |a BIBL4-2013-2 
909 |a Ρ  |b 176815 
920 |a Εύδοξος  |b Παραγγελία  |y Ρόδος-ΠΤΔΕ  |z 2013-05 
922 |a 4ΕΛΗ 
970 |z 2013/05/29